00921 a2200205 4500003000500000005001700005020001500022040000900037082001500046100002400061245007200085260003100157300001700188505029100205650002200496700003000518942002400548999001900572952012400591NUST20230602152822.0 a0672312182 cNust a005.43,NOR aNorton, Peter95031 aPeter Norton's Maximizing Windows 98 Administration /cPeter Norton aNew DelhibTechmediac1998 axxiv, 582p.; aPreparing To Run Windows 98 (Page-1,) Understanding The Windows 98 Architecture (Page-75), Configuring Windows 98 Clients (Page-115), Tuning Windows 98 (Page-157),Securing Windows 98 (Page-259), Participating On Intranets And Internets (Page-323), Troubleshooting Windows 98 (Page-391). aWindows 98975437 aHoulette, Forrest9112969 2ddccBKk005.43,NOR c175721d175721 00102ddc4070aMCSbMCScGENd2016-12-12o005.43,NORpMCS26953r2016-12-08w2016-12-12yBKzAlmirah No.81, Shelf No.1